| 000 | 01763nam a2200337 a 4500 | ||
|---|---|---|---|
| 999 |
_c450343 _d450343 |
||
| 003 | BLK | ||
| 005 | 20250722132736.0 | ||
| 008 | 181024b bu ||||| |||| 00| 0 bu d | ||
| 020 | _a9786197586008 | ||
| 040 | _aBLK | ||
| 041 |
_aBUL _cBUL |
||
| 080 |
_aМетодични основи на отделните теории и системи _b37.022 _z37.022 |
||
| 100 |
_aМонтесори, Мария _eпърви автор _91299 |
||
| 139 |
_aМонтесори, Мария _bМ 87 |
||
| 245 |
_aУсъвършенстваният Монтесори метод _cМария Монтесори ; предг. Марио Монтесори ; прев. от англ. Десислава Чешмеджиева-Стойчева _bТ. 1 - _nТ. 2 |
||
| 257 | _aBGR | ||
| 260 |
_aСофия _bАсеневци _c2022 _9213613 |
||
| 300 | _c20 см | ||
| 380 | _a3 | ||
| 500 | _aОриг. загл., установено от доп. източник: The advanced Montessori method / Maria Montessori Възприетата форма на името на прев. Десислава Чешмеджиева-Стойчева e Десислава Стоянова Чешмеджиева | ||
| 650 | 7 |
_9153033 _aДетска и педагогическа психология |
|
| 653 | 7 |
_9190909 _aметод на М. Монтесори |
|
| 653 | 7 |
_9193479 _aпедагогическа психология |
|
| 653 | 7 |
_9183705 _aвъзпитание |
|
| 700 |
_9344837 _aЧешмеджиева-Стойчева, Десислава _eпрев. от англ. |
||
| 700 |
_9401063 _aМонтесори, Марио М. _eпредг. |
||
| 760 |
_h463 с. _oТ. 2 |
||
| 942 |
_n0 _cKNG _036 _s1 |
||
| 944 |
_k30545 _lНора Радева |
||
| 999 | _d450343 | ||